000 00601nam a22001935i 4500
001 54277
003 ES-MaACL
005 20230906162929.0
007 t|
008 940202s1878 sp a ||||1| spa d
040 _aCAM
_bspa
245 0 0 _aMartín Lutero
_b: biografía auténtica.
260 _aMadrid :
_bLibrería Nacional y Extranjera,
_c1878.
300 _a205, [2] p. :
_bil. ;
_c20 cm.
500 _aAnotación manuscrita en portada: "F. Fliedner, posible autor"
600 1 4 _aLuther, Martin-
_xBiografías.
_974873
700 1 _aFliedner, Federico.
_951212
852 _aES-MaACL
_jT-571-F-4
999 _c54277
_d54277